000 00298nam a22001337a 4500
008 170504b xxu||||| |||| 00| 0 eng d
020 _a9781256613046
041 _aeng
080 _a343.9
100 _a14
101 _aSHJ
245 _aPERASON CRIMINAL JUSICE
_cBARTOL.C.3
942 _2udc
_cBK
999 _c12704
_d12704